000 00497nam a22001937a 4500
003 UA-OsUOA
001 42484
007 ta
008 20090206b un ||||| |||| 00| 0 ukr d
090 _a94(477).152 (К)
942 _cAV
040 _aUA-OsUOA
_beng
_cUA-OsUOA
_dUA-OsUOA
245 _aFriends of the Ukrainian Folklore Centre // CD-R
955 _a4
041 _aeng
080 _a94(477).152 (К)
650 7 _a9 Географія. Біографії. Історія
_2UDC
999 _c440984
_d440984